Quizzes
Events
Quiz Creation
Community
Videos
Private Events
Remove Ads
Sign In
Join for FREE
Feedback
Dark Mode
Quiz Categories
Sports
Geography
Music
Movies
Television
Just For Fun
Miscellaneous
History
Literature
Language
Science
Gaming
Entertainment
Religion
Holiday
For Kids
Quiz Lab
Recent
Popular Today
Quiz Kudos Today
Editor Picks
Curator Picks
Quizzes by...
Day
Popularity
Type
Ratings
Length
Year
Community
Subscriptions
Recent Discussions
Orange Saloon
Badges
Playlists
Quests
Create
Leaderboards
Showdown
Live 5
Trivia Bingo
Activity
Puzzle Library
Sporcle Events
Private Events
Virtual Trivia
Globe League
Become a Host
Pub Owners
SporcleCon
Opinionation
Our Games
Videos
Blog
Mobile Apps
Partnerships
Remove Ads and Go Orange
Feedback
Sports
Athletes
MLB
NBA
NHL
NFL
Soccer
Sports Teams
WWE
NCAA
Football
Premier League
Basketball
Baseball
Hockey
Golf
Tennis
Cricket
Rugby
Auto Racing
Olympics
World Cup
Sports
Athletes
MLB
NBA
NHL
NFL
Soccer
Sports Teams
WWE
NCAA
Football
Premier League
Basketball
Baseball
Hockey
Golf
Tennis
Cricket
Rugby
Auto Racing
Olympics
World Cup
Random Quiz
Search Sporcle
×
Quiz Lab
Quiz Lab
Sports
Football
Type in answers that appear in a list
Type in answers that appear in a list
Classic
Best Score? Go Orange.
Dutch national football team Stats
Can you name the Dutch national football players in Euro 2008?
By
estebanreyes
5m
23 Questions
515 Plays
515 Plays
515 Plays
Comments
Comments
Give Quiz Kudos
Give Quiz Kudos
-
- Ratings
hide this ad
Replay
Link that replays current quiz
Next Quiz
Link to next quiz in quiz playlist
You Got
0%
They Got
Avg Score
68%
Avg Friend Score
Upgrade to see
Score Distribution
Jump to the score distribution portion of the page
Score
0/23
Timer
05:00
0
Plays Today
Position
Player
% Correct
Goalkeeper
Edwin Van der Sar
97.7%
Winger
Arjen Robben
91.2%
Winger
Robin van Persie
90.3%
Attacking Midfielder
Wesley Sneijder
89.3%
Attacking Midfielder
Rafael Van der Vaart
89.3%
Winger
Dirk Kuijt
87.7%
Striker
Klaas-Jan Huntelaar
84%
Defender
John Heitinga
83%
Striker
Ruud van Nistelrooij
83%
Defensive Midfielder
Nigel de Jong
82.7%
Goalkeeper
Maarten Stekelenburg
79.9%
Defender
Giovanni van Bronckhorst
70.4%
Position
Player
% Correct
Defender
André Ooijer
67.8%
Striker
Jan Vennegoor of Hesselink
58.3%
Attacking Midfielder
Ibrahim Afellay
56.3%
Defender
Wilfred Bouma
55.4%
Defensive Midfielder
Demy de Zeeuw
53.4%
Defensive Midfielder
Orlando Engelaar
52.2%
Goalkeeper
Henk Timmer
52%
Defender
Joris Mathijssen
49.9%
Defender
Mario Melchiot
43.3%
Defender
Tim de Cler
29.4%
Defender
Khalid Bouhlarouz
25%
Quiz Playlist
Details
Report
Send in Message
Add To Playlist
Classic:
Type in answers that appear in a list
Last Updated: Feb 16, 2017
Quiz Scoreboard
CHALLENGE
Sign Up to Join the Scoreboard
Show All
Scores
Hide
Comments
May contain spoilers
Recently Published
1-10 Letter E Words III
by El_Dandy
Language
2m
One Thing in Common: World Cities II
by knightlancer
Geography
7m
Popular People in 1961
by mucciniale
History
6m
More to Explore
Quiz From the Vault
Featured Blog Post
Where Did the Easter Bunny Come From?
hide this ad
You Might Also Like...
Tags
Europe Quiz
Football Quiz
2008
club
dutch
Euro 2008
national
Player
team
Today's Top Quizzes in Sports
Browse Sports
hide this ad
Today's Top Quizzes in Football
Browse Football
Top Contributed Quizzes in Sports
1
2022 World Cup Stars
2
Les entraîneurs de l'OM et du PSG au 21e siècle
3
FIFA Club World Cup Champions
4
Criteria MLB: Left Handed Sluggers
5
Les meilleurs buteurs des matchs entre le PSG et l’OM
6
Name the Premier League winners with different clubs
7
Players with Multiple 50 Home Run Seasons
8
MLB Players with Two .350 Batting Average Seasons
9
La finale Lions - Afrique du Sud 2021
10
MLB Hall of Famer by Rings
Explore More
Trending Topics
Harry Potter
Disney
NBA
Anime
Crossword
Marvel
Kpop
Pokémon
The Office
Puzzle
Song
Country
Soccer
WWE
NFL
hide this ad
More By:
estebanreyes
Quiz
Plays
Rating
Category
Featured
Created
Progressively Harder Soccer Club Trivia
397,668
2.52
Sports
May 6, 2012
Don't Get Blocked Country Trivia
46,077
3.43
Geography
Apr 5, 2012
'I Will Always Love You' by Other Songs
43,286
4.59
Music
Feb 15, 2012
Last 25 Years: Soccer Minefield
40,388
4.04
Sports
Feb 22, 2012
Queen Singles by Letter
28,028
4.62
Music
Feb 24, 2012
Go to Creator's Profile
Score Distribution
Quiz Creator Spotlight
estebanreyes
Follow
Send a Message
Quizzes Created
-
Created Quiz Play Count
-
More By This Creator
Popular Quizzes Today
1
Find the US States - No Outlines Minefield
2
The Countries of the World
3
Popular People in 1961
4
Find the Countries of Europe - No Outlines Minefield
5
1-10 Letter E Words III
6
Find the US States
7
One Thing in Common: World Cities II
8
US States
More Sports Quizzes
MLB 2021 TOP 20 pitching leaders
Quiz Lab
Trending Quizzes
1-10 Letter F Words
One Thing in Common: Music
1-10 Letter G Words
Risky Map Clicking: Next State Alphabetically
1-10 Letter F Words II
Recently Updated
Leaping Animals
pecheneg
Reality TV Shows (A-Z)
bhenderson79
Rickey Henderson's Hall of Fame Teammates
pecheneg
Champions League XIs: Arsenal
pecheneg
Quick Pick: Celebrities in WWE's Hall of Fame
aduchscher
A-Z Keypad Blitz II
pecheneg
Multiple Oscar Actors
pecheneg
Mystery Phrase Blitz: Oscar 'Best Actors'
pecheneg
F. Scott Fitzgerald Novels
LTH
Pick 3 Villains
ddd62291
Trending Topics
NBA
Crossword
Anime
Marvel
Harry Potter
Kpop
Disney
NFL
Pokémon
The Office
Country
Song
Soccer
Puzzle
WWE
Your Account Isn't Verified!
In order to create a playlist on Sporcle, you need to verify the email address you used during registration. Go to your
Sporcle Settings
to finish the process.
Report this User
Report this user for behavior that violates our
Community Guidelines
.
Details:
Send Report
Go to the Sporcle.com Mobile Site →
Comments